TV Pets and Animals - Statistics

General Stats
  • This quiz has been taken 491 times
  • The average score is 9 of 25
Answer Stats
Hint Answer % Correct
Timmy's collie Lassie
83%
Heroic dolphin Flipper
73%
The talking horse Mr. Ed
70%
The Lone Ranger's horse Silver
65%
Giant yellow avian Big Bird
62%
The Simpson's dog Santa's Little Helper
58%
Sabrina, the Teenage Witch's cat Salem
50%
Frasier's dad's dog Eddie
47%
Heroic German Shepherd Rin Tin Tin
45%
Sponge Bob's snail Gary
43%
Shari Lewis' ovine pal Lamb Chop
40%
Roy Roger's horse Trigger
38%
Green Acres pig Arnold
35%
My friend, the horse Flicka
34%
Full House dog Comet
27%
The Brady Bunch's dog Tiger
25%
The Bush Kangeroo Skippy
22%
Bear from Florida Gentle Ben
21%
Captain Kangeroo's antlered friend Mr. Moose
16%
Tonto's horse Scout
15%
Data's cat Spot
15%
My Three Sons' Dog Tramp
9%
Little House on the Prairie dog Bandit
8%
Radar O'Reilly's rabbit Fluffy
8%
The Closer's cat Kitty
6%
No matching quizzes found
Score Distribution
Percent of People with Each Score
Percentile by Number Answered
Your Score History
You have not taken this quiz